| 000 | 00549nam a2200193Ia 4500 | ||
|---|---|---|---|
| 999 |
_c34067 _d34067 |
||
| 003 | OSt | ||
| 005 | 20200917144431.0 | ||
| 008 | 190216s9999||||xx |||||||||||||| ||und|| | ||
| 020 | _a9780074623015 | ||
| 040 | _coclc | ||
| 082 |
_a623.893 _bNAG/E |
||
| 100 |
_aNagaraja, N S _94706 |
||
| 245 | 0 |
_aElements Of Electronic Navigation / _cN S Nagaraja |
|
| 250 | _a2nd Ed. | ||
| 260 |
_bMcgraw -hill Publishing, _aNew Delhi: _c2004. |
||
| 300 | _a174p | ||
| 650 | _aPhysics | ||
| 942 |
_cBK _2ddc _h623.893 _iNAG/E _k623.893 _mNAG/E |
||